Pedro Henríquez Ureña : (Registro nro. 7651)

Detalles MARC
000 -LIDER
fixed length control field 01176nam a2200313 a 4500
001 - NÚMERO DE CONTROL
Identificador de número de control 0000256
003 - IDENTIFICACDOR DE NÚMERO DE CONTROL
control field DO-SdBNP
005 - DATE AND TIME OF LATEST TRANSACTION
control field 20220609113018.0
007 - CAMPOS FIJOS DE DESCRIPCIÓN FÍSICA
fixed length control field 0000256
008 - ELEMENTOS DE LONGITUD FIJA
fixed length control field 100201s2007 dr 000 spa d
020 ## - ISBN
International Standard Book Number 9945140000
040 ## - FUENTE DE CATALOGACIÓN
Agencia que crea de manera original el registro BPMSU
Idioma de catalogación spa
Agencia que realiza la transcripción BPMSU
082 ## - NÚMERO DE CLASIFICACIÓN DECIMAL DE DEWEY
Classification number RD864.42
Item number P372h 2007
Edition number 22
100 1# - ASIENTO PRINCIPAL -- NOMBRE PERSONAL
Nombre personal Henríquez Ureña, Pedro,
Fechas asociadas con el nombre 1884 -1946.
245 00 - MENCIÓN DE TITULO
Título Pedro Henríquez Ureña :
Subtítulo antología hemerográfica de un humanista inolvidable /
Mención de responsabilidad compilación y notas Cándido Gerón
260 0# - PUBLICACIÓN, DISTRIBUCIÓN, ETC. (PIE DE IMPRENTA)
Lugar de publicación, distribución, etc Santo Domingo,
Nombre del editor, distribuidor, etc. Centenario,
Fecha de publicación, distribución, etc 2007.
300 ## - DESCRIPCIÓN FÍSICA
Extensión 483 p ;
Dimensiones 26 cm.
500 ## - NOTA GENERAL
Nota general Incluye referencias bibliográficas y notas al pie de las páginas
500 ## - NOTA GENERAL
Nota general Incluye índice.
590 ## - NOTA LOCAL
Enlace Inventariado, 2022/VM
600 14 - ENCABEZAMIENTO DE MATERIA--NOMBRE PERSONAL
Nombre personal Henríquez Ureña, Pedro
Mención de responsabilidad 1884-1946
Subdivisión temática general Crítica e interpretación
600 14 - ENCABEZAMIENTO DE MATERIA--NOMBRE PERSONAL
Nombre personal Henríquez Ureña, Pedro
Mención de responsabilidad 1884-1946
Subdivisión temática general Ensayos, conferencias, etc.
600 14 - ENCABEZAMIENTO DE MATERIA--NOMBRE PERSONAL
Nombre personal Henríquez Ureña, Pedro
Mención de responsabilidad 1884-1946
Subdivisión temática general Correspondencia, memorias, etc.
650 #4 - ENCABEZAMIENTO DE MATERIA--TEMÁTICO
Término temático o nombre geográfico como elemento de entrada Ensayos dominicanos
650 #4 - ENCABEZAMIENTO DE MATERIA--TEMÁTICO
Término temático o nombre geográfico como elemento de entrada Literatura dominicana
700 1# - ASIENTO SECUNDARIO -- NOMBRE PERSONAL
Nombre personal Gerón, Cándido
Mención de responsabilidad compilador
910 ## - VALIDACIÓN
Validación VMateo V./Validado. Control de calidad MFF
942 ## - ADDED ENTRY ELEMENTS (KOHA)
Source of classification or shelving scheme Dewey Decimal Classification
Koha item type Libros
Existencias
Withdrawn status Lost status Source of classification or shelving scheme Damaged status Not for loan Collection code Home library Current library Date acquired Full call number Barcode Date last seen Price effective from Koha item type Copy number
    Dewey Decimal Classification     Colección Dominicana Biblioteca Pública Metropolitana Salomé Ureña Biblioteca Pública Metropolitana Salomé Ureña 04/15/2015 BPMSU CD RD864.42 H519p 2007 BPMSU15040416 04/15/2015 04/15/2015 Libros  
    Dewey Decimal Classification     Colección Dominicana Biblioteca Pública Metropolitana Salomé Ureña Biblioteca Pública Metropolitana Salomé Ureña 04/15/2015 BPMSU CD RD864.42 H519p 2007 BPMSU15040417 04/15/2015 04/15/2015 Libros e.2